[Event "DEN-chT XtraCon 2018-19"]
[Site "Denmark"]
[Date "2018.10.27"]
[Round "1"]
[White "Hansen, Lars Bo"]
[Black "Ostergaard, Jens"]
[Result "1/2-1/2"]
[WhiteElo "2560"]
[BlackElo "2225"]
[Annotator "TA"]
[PlyCount "116"]
[EventDate "2018.10.27"]
[EventType "team-tourn"]
[EventCountry "DEN"]
[SourceTitle "playchess.com"]
[Source "ChessBase"]
[SourceQuality "1"]

{[%evp 14,116,131,142,210,220,215,107,113,64,141,131,128,131,160,146,149,163,147,104,112,103,121,121,117,0,0,0,0,-36,-21,-11,-15,-47,-37,-27,-29,-56,-54,-111,-69,-104,-77,-135,-54,-44,0,-22,-24,-38,-18,-20,-27,-32,129,127,130,20,165,161,252,254,389,356,355,350,343,345,412,403,495,493,495,490,354,518,440,433,580,585,543,504,875,840,29976,0,29960,29958,29962,29965,29957,0,0,0,12,12,12,0,0,0,0,0,0,0,0]} 1. d4 Nf6 2. Bg5 Ne4 3. Bf4 c5 4. f3 Qa5+ 5. c3 Nf6 6. d5 e6 7. e4 Qb6 {A45: Damenbauernspiele (Trompowski-Angriff)} (7... exd5 8. exd5 d6 9. Qd2 Nbd7 10. c4 Qxd2+ 11. Kxd2 b5 12. Na3 a6 13. b3 b4 14. Nc2 a5 15. Bd3 Be7 16. a3 {1-0 (48) Yu,Y (2721)-Zhou,J (2635) Shenzhen 2016}) 8. Na3 $1 {LiveBook: 4 Partien} Nh5 $146 (8... d6 $16) ({Vorgänger:} 8... exd5 9. e5 Nh5 10. Be3 Be7 11. Qd2 d6 12. Bb5+ Bd7 13. Bxd7+ Nxd7 14. g4 Bh4+ {1-0 (55) Makaj,M (2330)-Tomulic,T (2319) Mali Losinj 2017}) 9. Nc4 $18 Qd8 {Weiß steht deutlich besser.} 10. Be3 (10. Nd6+ $1 $18 {und Weiss behält klar die Oberhand.} Bxd6 11. Bxd6) 10... d6 $16 11. a4 e5 (11... Be7 $14) 12. Ne2 g6 13. g4 {[%cal Bg2g4,Bg4g5][%mdl 32]} Nf6 14. h4 h5 15. g5 Nfd7 16. f4 Nb6 17. Nxb6 axb6 18. fxe5 dxe5 19. Bh3 ({Besser ist} 19. Ng3 $16) 19... Bxh3 $11 20. Rxh3 c4 21. b4 cxb3 $1 22. Qxb3 Nd7 23. Nc1 Bd6 24. Nd3 O-O 25. Rg3 Qc7 26. Rb1 (26. c4 $15) 26... Ra6 27. Rg2 Rfa8 28. Ra2 ({Günstiger ist} 28. Nb2) 28... Rc8 (28... Nc5 $17 29. Bxc5 Bxc5) 29. Kd2 $15 Qc4 30. Qxc4 (30. Nf2 $5 {[%cal Rb3c4]}) 30... Rxc4 31. Nb4 Ra5 32. Kd3 Rc8 33. Nc2 Nc5+ $2 (33... Bc5 $15 {bleibt weiter vorne.}) 34. Bxc5 $1 $16 Bxc5 35. Rb5 (35. Ne1 $16) 35... Ra7 (35... Bf2 $11) 36. Na1 $1 $18 Rca8 (36... Ra6 $142 37. Nb3 Be7) 37. Nb3 Bg1 (37... Be7 {war nötig.} 38. Rxb6 Kg7) 38. Rg2 Bc5 39. Nxc5 bxc5 40. Rxc5 Rxa4 {[%mdl 4096] Endspiel KTT-KTT} 41. Rb2 Ra1 42. Rxb7 Rh1 43. Rcc7 Rf8 44. Re7 Rxh4 45. d6 $1 {[%cal Bd5d6,Bd6d7][%mdl 32] d7 ist eine echte Drohung.} Rh1 46. d7 Kg7 {beabsichtigt ...Td8.} 47. Rxe5 h4 (47... Rd8 $142 48. Ke2 Rh2+ 49. Ke3 Rh3+ 50. Kd4 Kf8) 48. Ke2 h3 49. Kf2 $2 (49. Re8 Re1+ 50. Kd2 Rd1+ 51. Kxd1 h2 52. d8=Q h1=Q+ 53. Kc2 Qxe4+ 54. Rxe4 Rxd8 55. Ree7) 49... Rc1 $2 {[%mdl 8192]} (49... h2 $11 50. Kg2 Rd1 51. Kxh2 Rh8+ 52. Kg3 Rd3+ 53. Kg2 Rd2+ 54. Kf3 Rd3+ 55. Ke2 Rhh3) 50. Re8 Rd1 51. Rxf8 Kxf8 {[#] KT-KT} 52. Kg3 $2 (52. Rb8+ $1 {setzt Matt} Ke7 {[#]} 53. d8=Q+ $1 {[%mdl 512]} Rxd8 54. Rxd8 Kxd8 55. Kg3 Kd7 56. Kxh3 Kd6 57. Kg4) 52... Ke7 $11 {Die Stellung ist ausgeglichen.} 53. Kxh3 Kd8 54. Kg4 {Schwarz muss nun Kf4 beachten.} Rc1 55. Kf4 {zielt auf Ke5 ab.} Rxc3 56. Ke5 {Und weiter mit Kf6 wäre nett.} Rc6 $1 57. Ra7 Re6+ 58. Kd5 Rb6 $1 {Precision: Weiß = 44%, Schwarz = 35%.} 1/2-1/2

[Event "DEN-chT XtraCon 2018-19"]
[Site "Denmark"]
[Date "2018.10.27"]
[Round "1"]
[White "Brunello, Sabino"]
[Black "Hoi, Carsten"]
[Result "1-0"]
[WhiteElo "2548"]
[BlackElo "2383"]
[Annotator "TA"]
[PlyCount "47"]
[EventDate "2018.10.27"]
[EventType "team-tourn"]
[EventCountry "DEN"]
[SourceTitle "playchess.com"]
[Source "ChessBase"]
[SourceQuality "1"]

{[%evp 12,47,37,40,70,72,84,69,142,130,129,111,132,111,131,133,142,154,207,211,208,204,267,266,262,254,247,211,231,228,204,153,399,395,997,1000,982,970]} 1. d4 Nf6 2. c4 g6 3. Nc3 Bg7 4. e4 d6 5. h3 O-O 6. Be3 c6 7. Nf3 Qa5 {White should prevent ...Nxe4. E90: King's Indian: Classical: Early deviations and 6 h3} (7... a6 8. a4 a5 9. Be2 Na6 10. O-O Nb4 11. Qd2 Nd7 12. Bg5 Re8 13. Rad1 Qc7 14. h4 e5 15. h5 exd4 16. Nxd4 {1-0 (34) Salem,A (2638)-Onischuk,V (2637) Riadh 2017}) 8. Nd2 e5 9. d5 c5 ({Better is} 9... Qd8 $14) 10. g4 $16 a6 $146 ({Predecessor:} 10... Na6 11. Be2 Qd8 12. a3 Nc7 13. Qc2 Bd7 14. b4 b6 15. Rb1 {1-0 (32) Schaefer,M (2157)-Reichel,N (2136) Germany 2009}) 11. a4 {[%cal Ba2a4,Ba4a5][%mdl 32]} Qc7 12. a5 Nbd7 13. Be2 Ne8 14. h4 {[%cal Bh3h4,Bh4h5][%mdl 32]} f5 (14... Qd8 $16 {might work better.} 15. h5 h6) 15. exf5 $18 gxf5 16. gxf5 Ndf6 17. h5 h6 18. Rg1 Kh8 19. Bd3 Qf7 20. Rg6 Ng8 21. Qg4 Ne7 $2 {[#]} (21... Bxf5 $16 22. Bxf5 Qxf5) 22. Bxh6 Nxf5 $2 (22... Bxf5 23. Bxf5 Nxg6 24. Bxg7+ Nxg7) 23. Bxg7+ Nexg7 24. O-O-O {Precision: White = 85%, Black = 28%.} 1-0

[Event "DEN-chT XtraCon 2018-19"]
[Site "Denmark"]
[Date "2018.10.28"]
[Round "1"]
[White "Rasmussen, Allan Stig"]
[Black "Jepson, Christian"]
[Result "1/2-1/2"]
[WhiteElo "2543"]
[BlackElo "2413"]
[Annotator "TA"]
[PlyCount "150"]
[EventDate "2018.10.27"]
[EventType "team-tourn"]
[EventCountry "DEN"]
[SourceTitle "playchess.com"]
[Source "ChessBase"]
[SourceQuality "1"]

{[%evp 16,150,49,37,67,16,26,0,0,0,0,-4,0,0,14,0,13,-12,39,30,28,30,32,47,27,30,39,37,22,29,25,0,87,15,10,0,0,0,0,0,0,0,0,0,0,0,0,0,0,0,7,8,82,10,60,68,82,82,82,82,98,98,98,98,98,82,104,110,118,54,54,54,54,61,58,39,39,39,39,39,46,36,51,55,55,0,55,0,58,51,53,51,79,59,113,111,125,115,125,126,125,133,131,0,0,0,0,0,0,0,0,0,0,0,0,0,0,0,0,0,0,0,0,0,0,0,0,0,0,0,0,0,0,0,0,0,0]} 1. e4 d6 2. d4 g6 3. Nc3 Bg7 4. Be3 a6 5. Qd2 b5 6. f3 Nd7 7. h4 h6 {B06: Modern Defence} (7... h5 8. Nh3 Bb7 9. Ng5 e6 10. O-O-O Qe7 11. Ne2 Ngf6 12. Nf4 e5 13. dxe5 Nxe5 14. Kb1 Rb8 15. Be2 O-O 16. Ba7 Rbd8 {1-0 (37) Sjugirov,S (2654)-Chigaev,M (2599) Sochi 2018}) 8. Nge2 Ngf6 9. g4 {LiveBook: 5 Games} c5 {White is slightly better.} 10. Bg2 (10. O-O-O $14) 10... Bb7 $11 11. g5 $146 ({Predecessor:} 11. a4 b4 12. Nd1 Qa5 13. Nf2 Nb6 14. b3 h5 15. g5 {1-0 (41) Vachylya,A (2206)-Sevostianov,P (2274) Mukachevo 2016}) 11... hxg5 12. hxg5 Rxh1+ 13. Bxh1 Nh5 14. dxc5 Nxc5 15. O-O-O Rc8 16. Kb1 Qa5 (16... b4 $11 17. Nd5 a5) 17. Bg2 $14 Na4 18. Nxa4 Qxd2 $1 19. Rxd2 {Threatens to win with Nb6.} bxa4 20. Bh3 Rc4 21. Bf1 Rc8 22. a3 Be5 23. Bd4 Bc6 (23... Bxd4 $11 {keeps the balance.} 24. Rxd4 Bc6) 24. Bh3 (24. Bxe5 $16 dxe5 25. Nc3) 24... Rb8 $11 25. Bg4 Nf4 26. Bxe5 dxe5 27. Nc3 e6 28. Rh2 Ke7 29. Kc1 Bd7 30. Nd1 Bb5 31. Nc3 Bd7 32. Rh7 Bc6 33. Bh3 a5 (33... Bb5 $11) 34. Rh4 (34. Bf1 $16) 34... Bd7 (34... Bb5 $5) 35. Bf1 Bc6 36. Rh2 Bd7 37. Nd1 Nh5 38. Ne3 Rc8 39. Ba6 Rc5 40. Rd2 Ng7 41. Ng4 Nh5 42. Nh6 (42. Nf6 $16 Be8 43. Ng8+ (43. Nxe8 Kxe8 44. c4 Nf4 $16) 43... Kf8 44. Rd8 Kxg8 45. Rxe8+ Kg7 46. Rb8) 42... f5 $1 $14 43. gxf6+ Nxf6 44. Rg2 Be8 45. Kd2 Rc6 46. Bd3 Rb6 47. Kc1 Kd6 48. Rg5 Nh7 49. Rg1 Nf6 50. Rg5 Nh7 51. Rg1 Nf6 52. Bc4 Kc5 53. Ba2 $1 Kd4 54. Re1 $1 Kc5 {[#]} (54... Rc6 $14) 55. Rd1 $1 $16 Rd6 {[#]} 56. Rd2 $1 Rxd2 57. Kxd2 {[%mdl 4096] Endgame KBN-KBN} Kd6 58. Bc4 g5 59. Ng4 (59. Kd3 $16) 59... Nxg4 $11 {The position is equal.} 60. fxg4 {KB-KB} Bd7 61. Kc3 Bc6 62. Kd3 Bd7 63. Kc3 Bc6 64. Bd3 Kc5 65. b4+ axb3 $1 66. cxb3 Bb7 67. b4+ axb4+ 68. axb4+ Kb6 69. Kd2 Bc6 70. Bc2 Kb5 71. Kc3 Kb6 72. Bb3 Bxe4 73. Bxe6 Bf3 74. Kc4 e4 75. Bd5 Bxg4 {Precision: White = 56%, Black = 69%.} 1/2-1/2

[Event "DEN-chT XtraCon 2018-19"]
[Site "Denmark"]
[Date "2018.10.27"]
[Round "1"]
[White "Tikkanen, Hans"]
[Black "Palm, Nikolaj"]
[Result "1-0"]
[WhiteElo "2520"]
[BlackElo "2285"]
[Annotator "TA"]
[PlyCount "75"]
[EventDate "2018.10.27"]
[EventType "team-tourn"]
[EventCountry "DEN"]
[SourceTitle "playchess.com"]
[Source "ChessBase"]
[SourceQuality "1"]

{[%evp 13,75,-3,29,16,16,-19,4,0,0,0,0,-18,-16,-22,18,0,34,29,28,42,37,36,79,62,115,115,102,108,142,146,111,89,160,154,132,129,120,113,256,260,275,282,283,277,288,289,370,369,324,364,362,331,322,309,545,542,494,536,517,516,501,530,1123,1107]} 1. d4 d5 2. Nf3 e6 3. e3 f5 4. g4 Nf6 5. gxf5 exf5 6. c4 {A80: Dutch Defence: Unusual White second moves} c6 7. Nc3 Be6 {LiveBook: 9 Games} (7... Bb4 8. Bd2 O-O 9. Qc2 f4 10. exf4 Bg4 11. Ne5 Qe7 12. Rg1 Bxc3 13. bxc3 Nbd7 {1-0 (29) Onischuk,A (2681)-Gorozhanin,M (2435) chess.com INT 2018}) 8. cxd5 {White has an edge.} Nxd5 9. Bd3 Bb4 $146 ({Predecessor:} 9... Nd7 10. Rg1 g6 11. Ng5 Bg8 12. e4 fxe4 13. Qe2 Qc7 14. Qxe4+ {1-0 (53) Sumets,A (2473)-Zinchenko,Y (2349) Odessa 2004}) 10. Bd2 Qe7 11. Rg1 $1 g6 12. h4 Nd7 13. h5 Rg8 14. hxg6 hxg6 15. Ng5 O-O-O 16. Nxe6 Qxe6 17. Qc2 N7f6 18. O-O-O Nxc3 (18... Bxc3 $14 19. bxc3 Ng4) 19. bxc3 $16 Ba3+ 20. Kb1 {Strongly threatening Rxg6!} Ne4 {[#]} 21. Be1 $1 Be7 22. f3 {[%cal Bf2f3,Bf3e4,Be4e5][%mdl 32]} Nd6 ({Better is} 22... Ng5) 23. e4 Kb8 24. Bg3 fxe4 25. fxe4 g5 (25... Ka8 $16 26. Qb3 Qc8) 26. c4 $18 {[%cal Bc3c4,Bc4d5][%mdl 32]} Ka8 27. d5 cxd5 28. cxd5 Qd7 29. e5 Nb5 {[#]} 30. Bxb5 $1 Qxb5+ 31. Qb3 Qxb3+ 32. axb3 Bc5 33. Rgf1 b5 $2 (33... Rg6 34. e6 b6) 34. d6 {White is clearly winning.} Rg6 35. Rd5 Bb6 36. Rf7 a6 37. Re7 Ba5 38. Rc5 {Precision: White = 77%, Black = 40%.} 1-0

[Event "DEN-chT XtraCon 2018-19"]
[Site "Denmark"]
[Date "2018.10.28"]
[Round "1"]
[White "Hector, Jonny"]
[Black "Thybo, Jesper Sondergaard"]
[Result "1/2-1/2"]
[WhiteElo "2507"]
[BlackElo "2496"]
[Annotator "TA"]
[PlyCount "113"]
[EventDate "2018.10.27"]
[EventType "team-tourn"]
[EventCountry "DEN"]
[SourceTitle "playchess.com"]
[Source "ChessBase"]
[SourceQuality "1"]

{[%evp 12,113,-48,-53,-20,-29,0,0,0,-14,2,20,30,-20,6,6,10,0,0,0,0,0,0,-37,-43,-31,0,-18,0,-23,-23,-41,0,0,0,-35,-24,-32,-27,-16,0,0,8,8,8,0,43,32,43,38,44,43,55,20,39,39,46,56,279,222,227,79,90,47,47,47,47,0,0,0,0,0,0,0,0,0,0,0,0,0,0,0,0,0,0,0,0,0,0,0,0,0,0,0,0,0,0,0,0,0,0,0,0,0]} 1. e4 e5 2. Nf3 Nc6 3. Bc4 Bc5 4. O-O Nf6 5. d4 Bxd4 6. Nxd4 Nxd4 7. Bg5 {LiveBook: 43 Games} Ne6 {C50: Hungarian Defence and Giuoco Pianissimo} (7... h6 {with more complications.} 8. Bh4 Qe7 9. Nc3 c6 10. f4 Qc5) (7... h6 8. Bh4 d6 9. f4 Bg4 10. Bxf6 Bxd1 11. Bxd8 Rxd8 12. Rxd1 Nxc2 13. f5 Nxa1 14. Na3 c6 15. Rxa1 Ke7 {½-½ (32) Huschenbeth,N (2575)-Gledura,B (2600) Greensboro 2017}) 8. Bxe6 dxe6 (8... fxe6 {looks sharper.} 9. f4 Qe7 10. Bxf6 Qxf6 11. Qh5+ g6) 9. Qe2 h6 10. Bh4 g5 11. Bg3 Nd7 12. Na3 f6 $146 ({Predecessor:} 12... Qe7 13. Nc4 f6 14. Rad1 O-O 15. Rd2 {1-0 (40) Rei,A-Nyysti,S Tampere 1996}) 13. Rad1 Kf7 14. Rd2 Qe7 15. Rfd1 Nb8 16. Nc4 Nc6 17. c3 Kg7 18. b4 a6 19. a4 Rd8 20. h4 Rxd2 21. Rxd2 b5 22. axb5 axb5 23. Nb2 Ra3 24. Nd1 Na7 25. f3 c5 26. bxc5 Qxc5+ 27. Bf2 Qc7 28. Kh2 b4 29. cxb4 Ba6 30. Qe1 Nb5 {[%cal Ba7b5,Bb5d4,Bd4b3][%mdl 32]} 31. Bc5 Nd4 32. Qg3 Nb3 33. Rc2 $1 Nxc5 34. Rxc5 Qd8 $2 (34... Qd6 $14) 35. Nf2 {aiming for Qh3.} Ra2 {[#]} 36. b5 (36. Ng4 $1 $18) 36... Qb6 $16 37. Rc6 (37. hxg5 {is more complex.} hxg5 38. Rc6 Qxf2 39. Qxf2 Rxf2 40. bxa6 Ra2 41. Rxe6 Kf7 42. Rc6) 37... Qxf2 (37... Qxb5 38. Rc7+ Kf8 39. Ng4) 38. Qxf2 Rxf2 39. bxa6 {Strongly threatening h5.} gxh4 {The position is equal.} 40. Rxe6 $14 {[%mdl 4096] Endgame KR-KR} Ra2 41. Kh3 Kg6 42. Kxh4 {Black must now prevent g4.} Rxg2 43. Re8 {[#] Threatening mate with Rg8+.} (43. Rc6 {keeps more tension.} Rh2+ 44. Kg4 Rg2+ 45. Kh3 Ra2 46. f4) 43... Ra2 44. Ra8 Ra4 45. Kg3 Ra2 46. Kg4 Ra4 47. a7 Kg7 48. Kh5 Ra5 49. Kh4 Ra3 50. Kg3 {Threatens to win with Kg4.} Ra2 51. Kh3 Ra3 52. Kg2 {Hoping for Kg3.} Ra2+ 53. Kg3 Ra3 54. Kf2 {Kg2 is the strong threat.} Ra2+ 55. Kg3 Ra3 56. Kg4 {And now Kg3 would win.} Ra4 57. Kg3 {Precision: White = 48%, Black = 72%.} 1/2-1/2

[Event "DEN-chT XtraCon 2018-19"]
[Site "Denmark"]
[Date "2018.10.27"]
[Round "1"]
[White "Ochsner, Bjorn Moller"]
[Black "Haubro, Martin"]
[Result "1-0"]
[WhiteElo "2449"]
[BlackElo "2326"]
[Annotator "TA"]
[PlyCount "87"]
[EventDate "2018.10.27"]
[EventType "team-tourn"]
[EventCountry "DEN"]
[SourceTitle "playchess.com"]
[Source "ChessBase"]
[SourceQuality "1"]

{[%evp 18,87,59,39,62,59,46,45,86,71,83,71,127,104,103,104,105,100,292,131,423,420,384,389,432,397,656,491,494,350,328,159,168,160,188,0,216,218,216,222,183,0,0,0,26,-14,87,4,60,0,121,110,111,64,79,0,218,218,212,210,510,396,713,691,1373,1348,1179,912,1588,1707,1658,1518]} 1. e4 c5 2. Nf3 d6 3. Bb5+ Nd7 4. O-O Ngf6 5. Re1 a6 6. Bd3 {B51: Sicilian: Moscow Variation (3 Bb5+) without 3...Bd7} b5 (6... g6 7. c3 Bg7 8. Bc2 O-O 9. d4 e5 10. a4 cxd4 11. cxd4 exd4 12. Nxd4 Nc5 {1-0 (33) Jakovenko,D (2748)-Nepomniachtchi,I (2768) Satka 2018}) 7. c4 g5 8. Nxg5 Ne5 9. Bf1 bxc4 10. d4 {LiveBook: 6 Games} cxd3 $1 11. f4 Nc6 12. Bxd3 h6 13. Nf3 {[#]} Rg8 $146 ({Predecessor:} 13... e6 14. Nc3 Bb7 15. b3 Be7 {½-½ (15) Barski,R (2336)-Borovikov,V (2564) Heusenstamm 2015}) 14. Kh1 Qb6 (14... Rb8 $142) 15. Be3 Qxb2 {[%csl Gg8][%cal Rb2g2]} 16. Nbd2 Nb4 17. Rb1 Qa3 $2 (17... Qxa2 $16 18. Bc4 Qc2) 18. Bf1 (18. Bc4 $18) 18... Be6 $2 {[%mdl 8192]} (18... Qxa2 19. e5 $11) (18... Bd7 $16 {was necessary.}) 19. Nc4 $18 Bxc4 20. Bxc4 Rd8 21. e5 Ng4 $2 (21... dxe5 22. Bxf7+ (22. Nxe5 Rxd1 23. Bxf7+ Kd8 $18) 22... Kxf7 23. Qxd8 Nbd5 24. Nxe5+ Kg7) 22. Bb3 e6 23. Bg1 Be7 {[#]} 24. Qe2 (24. f5 $1 $18 {[%mdl 512]}) 24... d5 $16 {[%cal Bd6d5,Bd5d4][%mdl 32]} 25. h3 h5 26. Ng5 $2 (26. hxg4 hxg4 27. Nh4 c4 $19) ({White must play} 26. f5 $1 $18) 26... Nh6 $2 (26... c4 $11 27. Bc2 Qxa2 28. Rxb4 Bxb4) 27. Qxh5 $18 Bxg5 28. fxg5 Nf5 {Threatens to win with ...Ng3+.} 29. Qd1 $2 ({Avoid the trap} 29. Qh7 $2 Rg7 $19) (29. Bh2 $18) 29... d4 $1 $11 30. g4 Ne7 {aiming for ...Rh8.} 31. Rf1 Nbc6 (31... c4 $1 $11 {remains equal.} 32. Qc1 (32. Qf3 cxb3 33. Qxf7+ Kd7 $11) 32... Qxc1 33. Ba4+ Kf8 34. Rfxc1 Nxa2 35. Rxc4 Nc3) 32. Rf3 (32. Qc1 $16 Qxc1 33. Rbxc1) 32... Qa5 $1 33. Ba4 (33. Bh2 $1 $14) 33... Qc7 {[#]} (33... c4 $11 34. Rxf7 Kxf7 35. Qf3+ Ke8 36. Bxc6+ Nxc6 37. Qxc6+ Kf8 38. Qf3+ Ke8 39. Qc6+ Kf8 40. Qf3+ Ke8 41. Qc6+) 34. Qf1 $1 $36 {[%mdl 2048] White is on the roll.} Rg7 35. Qxa6 {Black must now prevent Rb6.} Kf8 $1 36. Bh2 (36. Rb7 $16 Qc8 37. Rf1) 36... Nb4 $2 (36... Kg8 $11 {and Black stays safe.}) 37. Qxe6 $1 $18 {Strongly threatening Rbf1.} Qb7 {[#]} 38. Rbf1 $1 Ng6 $2 (38... Kg8 {was worth a try.} 39. Qb3 Qe4) 39. Kg1 Nh4 $2 (39... Qe7 40. Bb3 Qxe6 41. Bxe6 Nc6) 40. R3f2 {White is clearly winning.} Kg8 41. Qf6 Rf8 42. e6 {[%cal Be5e6,Be6f7][%mdl 32] Threatening mate with Be5.} Ng6 43. exf7+ Kh7 44. Bd6 {Precision: White = 46%, Black = 37%.} 1-0

[Event "DEN-chT XtraCon 2018-19"]
[Site "Denmark"]
[Date "2018.10.27"]
[Round "1"]
[White "Ahlander, Bjorn"]
[Black "Skousen, Nikolai"]
[Result "0-1"]
[WhiteElo "2433"]
[BlackElo "2226"]
[Annotator "TA"]
[PlyCount "114"]
[EventDate "2018.10.27"]
[EventType "team-tourn"]
[EventCountry "DEN"]
[SourceTitle "playchess.com"]
[Source "ChessBase"]
[SourceQuality "1"]

{[%evp 41,114,58,58,0,0,0,50,0,-11,0,60,65,67,74,116,145,133,139,155,66,121,139,122,112,173,-41,-53,-63,-58,-22,-20,-81,-72,-65,-60,-53,-47,-47,-54,-74,-49,-172,-155,-452,-85,-206,-206,-302,-91,-91,-3,-67,-54,-77,-26,-343,-29,-29,-25,-28,-29,-6041,-6736,-1552,-811,-993,-810,-29990,-29969,-29987,-29962,-29991,-29992,-29997,-29998]} 1. d4 g6 2. c4 Bg7 3. Nf3 d6 4. Nc3 Nf6 5. e4 O-O 6. Be2 e5 7. O-O Nc6 8. d5 Ne7 9. Ne1 Nd7 10. Nd3 f5 11. Bd2 Nf6 12. f3 f4 13. c5 g5 14. Rc1 Ng6 15. Nb5 Rf7 16. Ba5 b6 17. cxd6 cxd6 18. Bb4 {E99: King's Indian: Classical Main Line: 9 Ne1 Nd7 10 f3 f5} Bf8 19. Rc6 Ne8 20. a4 a6 21. Na3 Bd7 {[#] LiveBook: 3 Games} 22. Qb3 $146 (22. Rc1 $14) ({Predecessor:} 22. Rc1 h5 23. Be1 Rg7 24. Nb4 g4 25. fxg4 Qg5 {1-0 (40) Meier,G (2637)-Feller,S (2640) Belfort 2012}) 22... Bxc6 $11 23. dxc6 Rc8 24. Rd1 (24. Nf2 $14) 24... Rxc6 25. Bc3 Qc7 ({Better is} 25... g4 $11) 26. Nb4 $1 $14 {[%csl LRa6,LRc6]} Rxc3 $1 27. bxc3 {Threatens to win with Bc4.} Qc5+ 28. Kf1 $1 Kg7 29. Nxa6 Qc8 30. Nb4 (30. Qxb6 $6 d5 $11) (30. Nc4 $16) 30... Nf6 (30... g4 $1 $14) 31. Nc4 $16 g4 32. Nxb6 (32. Nxd6 $6 Bxd6 33. Rxd6 Qc5 $11) 32... Qc5 (32... Qd8 $16 {was necessary.} 33. a5 gxf3) 33. N6d5 $2 (33. Na6 $1 $18 {[%cal Ra6c5]} Qe3 34. Rd3 Qc1+ 35. Qd1 Qxd1+ 36. Rxd1) 33... g3 $15 34. hxg3 fxg3 {[%csl Gg3][%cal Rc5f2]} 35. Nd3 Qa7 36. Qb6 (36. Nxf6 $11 {remains equal.} Rxf6 37. Rb1) 36... Qxa4 $17 37. Nxf6 Rxf6 38. Qe3 Nf4 39. Nxf4 Rxf4 40. Rb1 Be7 41. Kg1 ({White should play} 41. Bd3 $15) 41... Bg5 $1 $19 42. Qb6 $2 (42. Rd1 $17 {might work better.} Qc6 43. c4) 42... Rf6 $2 (42... Qc2 $19 {and Black stays clearly on top.} 43. Qb5 Qxc3 44. Qd7+ Kg6 45. Qe6+ Rf6 46. Qe8+ Kh6) 43. Bd3 (43. Qa6 $17 Qc2 44. Qb5) 43... Qa3 44. Qb7+ {[#]} (44. Bc4 {was forced.} Qxc3 45. Qb7+ Kg6 46. Bg8) 44... Rf7 $2 (44... Kg6 $1 $19 {is more deadly. ( -> ...Qc5+)} 45. Qb2 Qc5+ 46. Kf1 (46. Kh1 $2 {leads to mate.} Rf4 47. Qf2 Rh4+ 48. Kg1 Qxf2#) 46... Rf8) 45. Qd5 $17 Be3+ (45... Qxc3 $17 {Hoping for ...Bc1.} 46. Bc4 (46. Qxd6 $2 Be7 $19) 46... Rf8) 46. Kf1 ({White should try} 46. Kh1 $11) 46... Qxc3 $15 {White must now prevent ...Qd2.} 47. Bc4 {[#]} Rf6 (47... Rf8 $1 $17 48. Qd3 Qxd3+ 49. Bxd3 Bc5) 48. Qg8+ $11 Kh6 49. Qc8 $1 (49. Rb7 $2 {gets mated.} Qc1+ 50. Ke2 Qd2+ 51. Kf1 Qf2#) 49... Bg5 $40 {[%mdl 128] Black is up to no good.} 50. Qh3+ $1 Kg6 51. Bb5 $2 {[%mdl 8192] [#]} (51. Be2 $11) 51... Rxf3+ $1 {[%mdl 512]} 52. Kg1 (52. gxf3 Qxf3+) 52... Qc5+ 53. Kh1 Qxb5 {[%cal Rb5b1]} 54. Rg1 Qf1 {Black mates.} 55. Qe6+ Rf6 56. Qg8+ Kh6 57. Qc8 {[#]} Qxg1+ $1 {Precision: White = 27%, Black = 54%.} 0-1

[Event "DEN-chT XtraCon 2018-19"]
[Site "Denmark"]
[Date "2018.10.27"]
[Round "1"]
[White "Rostgaard, Tobias Valentin"]
[Black "Andersen, Mads"]
[Result "0-1"]
[WhiteElo "2416"]
[BlackElo "2597"]
[Annotator "TA"]
[PlyCount "112"]
[EventDate "2018.10.27"]
[EventType "team-tourn"]
[EventCountry "DEN"]
[SourceTitle "playchess.com"]
[Source "ChessBase"]
[SourceQuality "1"]

{[%evp 17,112,0,0,-13,-12,-28,-20,-20,-15,-32,-24,-33,0,-8,-8,0,7,3,7,0,42,13,24,28,54,9,0,0,43,14,39,0,0,-5,-12,-12,-5,-5,0,0,0,0,0,0,0,-8,0,0,8,8,8,8,8,0,0,0,0,0,0,0,0,0,0,0,0,0,0,0,0,0,0,0,0,0,0,-40,-47,-222,-227,-227,-209,-376,-368,-519,-506,-689,-671,-652,-633,-906,-922,-1305,-1323,-1156,-1156,-2018,-1941]} 1. d4 Nf6 2. Nf3 g6 3. c4 Bg7 4. Nc3 d5 5. e3 O-O 6. Qb3 e6 7. Be2 b6 8. cxd5 {D95: Grünfeldindisch (Geschlossenes System)} exd5 9. O-O Bb7 {LiveBook: 17 Partien} 10. Ne5 {Die Stellung ist ausgeglichen.} Qe7 11. Bf3 $146 {[%cal Rc3d5]} ({Vorgänger:} 11. f4 c5 12. Bf3 Nc6 13. Nxd5 Nxd5 14. Bxd5 Na5 15. Bxf7+ Rxf7 16. Qxf7+ Qxf7 17. Nxf7 Kxf7 18. dxc5 {0-1 (53) Martinez Martin,D (2406)-Salgado Lopez,I (2607) Vecindario 2010}) 11... Rd8 12. Nd3 Nbd7 13. Nf4 {[%cal Rc3d5]} ({Falsch wäre} 13. Nxd5 $2 Nxd5 14. Bxd5 Nc5 $19) 13... c6 14. Bd2 g5 15. Nh5 Nxh5 16. Bxh5 Qe6 17. Be2 c5 18. Rae1 c4 19. Qc2 f5 20. b3 Rac8 21. bxc4 dxc4 22. e4 fxe4 23. Bxg5 Nf6 24. d5 Bxd5 25. Nxd5 Qxd5 26. Bxf6 Bxf6 27. Bg4 Rc5 28. Rd1 Qc6 29. Rxd8+ Bxd8 30. Re1 h5 31. Bh3 Re5 32. g3 Bf6 33. Bg2 {[%cal Rg2e4]} Kg7 34. Rxe4 Rxe4 35. Bxe4 Qe6 36. h4 c3 37. Qa4 a6 38. Bc2 b5 $1 {[%cal Rb5a4]} 39. Qf4 Qxa2 40. Qf5 Qf7 41. Qh7+ Kf8 {[#] zielt auf ...Dxh7 ab.} 42. Qh6+ Ke7 {Droht ...Ld4 und aus.} 43. Qe3+ Kf8 44. Qh6+ Kg8 45. Bg6 Qd5 46. Bh7+ Kf7 47. Qg6+ $2 {[#]} (47. Bg6+ $15 Ke7 48. Qf4) 47... Ke7 $19 48. Bg8 Qe5 49. Bb3 $2 (49. Qd3 {war nötig.}) 49... Kd6 50. Qg8 (50. Kf1 $142 Kc5 51. f4) 50... Kc5 {Schwarz steht klar auf Gewinn.} (50... Qe1+ $2 51. Kg2 $19) 51. Qa8 Kb4 52. Bc2 a5 {[%cal Ba6a5,Ba5a4][%mdl 32]} 53. Qf8+ Be7 54. Qf7 a4 55. Kg2 Bc5 56. Bd3 Qd4 {Precision: Weiß = 47%, Schwarz = 74%.} 0-1